Chaîne de mots Formule 1 - Statistiques

Statistiques générales
  • Ce quiz a été pris 362 fois
  • Le résultat moyen est 14 sur 23
Statistiques - réponses
Indice Réponse % Correct
Pilote britannique possédant à égalité le plus grand nombre de championnats des pilotes Lewis Hamilton
98%
Pilote monégasque encore en activité Charles Leclerc
96%
Ecurie ayant gagné 21 courses sur 22 en 2023 Red-Bull
95%
Voiture qui intervient sur le circuit en cas d'incident et qui regroupe les voitures derrière elle (nom anglais) Safety-Car
92%
Pilote britannique ayant décroché sa première victoire à Miami en 2024 Lando Norris
89%
Pilote Espagnol dont son père est aussi un pilote Carlos Sainz
81%
Pilote français ayant remporté sa première victoire en Hongrie Esteban Ocon
79%
On le complète plein de fois durant la course Tour
78%
Pilote Britannique qui est passé par Williams puis Mercedes uniquement George Russell
73%
Ils sont au nombre de 4 sur les monoplaces Pneus
72%
Pilote australien qui a commencé sa carrière chez HRT Daniel Ricciardo
61%
Au nombre de 3 durant le Week-end Essais
61%
Circuit des pays-bas actuellement au calendrier de la F1 Zandvoort
59%
Aussi appelé carburant Essence
53%
On en possède que très peu sous la pluie Grip
50%
plans de course optimisant arrêt et pneus Stratégie
50%
Là ou se trouve toutes les écuries durant un week-end de course Stand
39%
Écurie de formule 1 qui n'existe plus sous ce nom depuis 2015 Lotus
38%
On les utilises sur le sec Slicks
35%
L'enfer Vert Nürburgring
30%
véhicule entrant sur la piste pour enlevé les voitures accidentés Tracteur
25%
Lieux présents à de nombreux endroits autour du circuit. on y évacue les voitures accidentées ou en panne Échappatoire
19%
les pilotes et les écuries se battent sur cet endroit virtuel Classement
18%
Aucun quiz correspondant
Distribution des résultats
% des personnes avec chaque résultat
Percentile par nombre de réponses
Votre historique - résultats
Vous n’avez pas pris ce quiz